00424nam a22001337a 450000500170000002000460001703700080006310000170007124500610008826000480014930000330019749000370023070000230026720111209170059.0 a9781593394264c3600.00 (set of 12 volume) bPUB aDell, Pamela aMe /cby Pamella Dell; illustrated by Kezia Terracciano aNew Delhi bEncyclopaedia Britannica c2008 aV1 (40p.) c25cm (Hb)bill.  a Britannica discovery library; 1 aTerracciano, Kezia